Vzdelávacia aplikácia v rozšírenej realite

Guardado en:
Detalles Bibliográficos
Autor principal: Kremničanová, Alexandra (Autor)
Otros Autores: Pajpach, Martin (Orientador)
Formato: Manuscrito Libro
Lenguaje:eslovaco
Publicado: Bratislava : STU v Bratislave FEI, 2023
Materias:
Acceso en línea:https://opac.crzp.sk/?fn=detailBiblioFormChildIIM9J&sid=925BFB95FAA30F229095C9019F0C&seo=CRZP-detail-kniha
Etiquetas: Agregar Etiqueta
Sin Etiquetas, Sea el primero en etiquetar este registro!

MARC

LEADER 00000ntm a22000003a 4500
001 stuzp91914
003 SK-STU
005 20241113123258.7
007 ta
008 150427s2015----xo-----f-mn---000-0-slo-d
040 |a STU  |b slo 
041 0 |a slo 
044 |a xo 
100 1 |a Kremničanová, Alexandra  |u 030400  |4 aut  |U FEI Fakulta elektrotechniky a informatiky  |T FEI Ústav automobilovej mechatroniky  |X 96925  |U E400  |Y 642  |7 96925 
242 0 1 |a Augmented reality educational application  |y eng 
245 1 0 |a Vzdelávacia aplikácia v rozšírenej realite 
260 |a Bratislava :  |b STU v Bratislave FEI,  |c 2023 
300 |a 66 s., príl. 
650 4 |a rozšírená realita  |2 slo 
650 4 |a vzdelávacia aplikácia  |2 slo 
650 4 |a mobilné zariadenie  |2 slo 
650 4 |a modularita  |2 slo 
650 4 |a mobile device  |2 eng 
650 4 |a augmented reality  |2 eng 
650 4 |a educational application  |2 eng 
650 4 |a modularity  |2 eng 
700 1 |a Pajpach, Martin  |u 030400  |k Z3  |4 ths  |U FEI Fakulta elektrotechniky a informatiky  |T FEI Ústav automobilovej mechatroniky  |X 86396  |U E400  |Y 642  |7 86396 
856 4 |u https://opac.crzp.sk/?fn=detailBiblioFormChildIIM9J&sid=925BFB95FAA30F229095C9019F0C&seo=CRZP-detail-kniha